| 000 | 00519nam a22001697a 4500 | ||
|---|---|---|---|
| 999 |
_c8335 _d8335 |
||
| 008 | 201113b ||||| |||| 00| 0 eng d | ||
| 040 | _aBMS College of Architecture | ||
| 100 | _aPrakash, Keerthana | ||
| 245 | _aRecropro sports centre | ||
| 300 | _a14p. | ||
| 500 | _a1BM15AT038 | ||
| 502 |
_8B,Arch _NBMS College of Architecture, Visvesvaraya Technological University (VTU) _aproject report _d2019 |
||
| 650 | _aSports | ||
| 700 |
_aMamtha Verma _eGuide |
||
| 700 |
_aSanal Suresh Karayil _eGuide |
||
| 942 |
_2ddc _cTHE |
||